• 首页
  • 本馆介绍
  • 公告通知
  • 最新文献
  • 馆藏检索
  • 电子资源
  • 读者导购
  • 参考咨询
  • 我的图书馆
  • 登录
  • 详细信息显示
  • 放入我的书架
  • 预约/预借图书
  • 作者相关作品
  • 分类相关作品
  • 丛书相关作品
  • 出版社相关作品

书目信息

  • 表格格式
  • 工作单格式
  • 卡片格式
题名:
哲学争论
    
 
作者: ;中国社会科学院哲学研究所《哲学争论》编辑组 编
分册:  
出版信息: 西安   陕西人民出版社  1984
页数: 426页
开本: 19cm
丛书名:
单 册:
中图分类: B0
科图分类:
主题词: 哲学理论
电子资源:
ISBN:
000 00808nam0 2200241 45
001 0184010462
005 20050525113528.1
010    @dCNY1.45
091    @a2094.32
100    @a19950619d1984 em y0chiy0121 ea
101 0  @achi
102    @aCN@b610000
105    @ay m 000yy
200 10 @a哲学争论@Azhe xue zheng lun@e1980-1982年初@E1980-1982 Nian Chu@f中国社会科学院哲学研究所《哲学争论》编辑组编@FZhong Guo She Hui Ke Xue Yuan Zhe Xue Yan Jiu Suo《Zhe Xue Zheng Lun》Bian Ji Zu Bian
210    @a西安@c陕西人民出版社@d1984
215    @a426页@d19cm
517    @a1980-1982年初@A1980-1982 Nian Chu
606 0  @a哲学理论
690    @aB0@v3
711 02 @a中国社会科学院哲学研究所《哲学争论》编辑组@4编
801  0 @aCN@b上海图书馆@c20040105
801  2 @aCN@bNLC@c20040105
905    @dB0@e52@f1@b118493
    
    哲学争论:1980-1982年初/中国社会科学院哲学研究所《哲学争论》编辑组编.-西安:陕西人民出版社,1984
    426页;19cm
    
    
    ISBN :CNY1.45
    
●
相关链接 在E读中查询图书 在五车中查询图书 在当当中查询图书 在豆瓣中查询图书


正题名:哲学争论     索取号:B0/52         预约/预借

序号 登录号 条形码 馆藏地/架位号 状态 备注
1 0118489   001131340   密集书库/ [索取号:B0/52] 在馆    
2 0118490   001851669   密集书库/ [索取号:B0/52] 在馆    
3 0118491   001851678   密集书库/ [索取号:B0/52] 在馆    
4 0118492   001851687   密集书库/ [索取号:B0/52] 在馆    
5 0118493   002048304   第一样本阅览室/ [索取号:B0/52] 在馆    
唐山师范学院图书馆 欢迎您!
大连网信软件有限公司© 版权所有